banner koha

Canine distemper virus detection by different methods of One-Step RT-qPCR (Registro n. 328015)

MARC details
000 -LÍDER
fixed length control field 04688nab a2200337 i 4500
003 - CÓDIGO MARC DA AGÊNCIA CATALOGADORA
Campo de controle BR-BrBNA
005 - DATA E HORA DA ÚLTIMA ATUALIZAÇÃO
Campo de controle 20241009145748.0
008 - CAMPO DE TAMANHO FIXO
fixed length control field 241009b2016 bl.mr|pooa||| 00| 0 eng |
040 ## - FONTE DA CATALOGAÇÃO
Agência catalogadora BR-BrBNA
Idioma da catalogação eng
072 ## - CATEGORIA AGRIS
Código AGRIS L73
Código do objeto 5400
072 ## - CATEGORIA AGRIS
Código AGRIS L70
100 ## - ENTRADA PRINCIPAL - NOME PESSOAL
Nome pessoal Tozato, Claudia de Camargo
100 ## - ENTRADA PRINCIPAL - NOME PESSOAL
Nome pessoal Zadra, Vívian Ferreira
100 ## - ENTRADA PRINCIPAL - NOME PESSOAL
Nome pessoal Basso, Caroline Rodrigues
100 ## - ENTRADA PRINCIPAL - NOME PESSOAL
Nome pessoal Araújo Junior, João Pessoa
245 ## - TÍTULO PRINCIPAL
Título principal Canine distemper virus detection by different methods of One-Step RT-qPCR
500 ## - NOTA GERAL
Nota geral Publicação on-line; 27 ref.; Sumaries (En, Pt)
942 ## - ADDED ENTRY ELEMENTS (KOHA)
Koha item type Analítica
520 ## - NOTA DE RESUMO
Nota de conteúdo <br/><br/>Abstract - Three commercial kits of One-Step RT-qPCR were evaluated for the molecular diagnosis of Canine Distemper Virus. Using the kit that showed better performance, two systems of Realtime RT-PCR (RT-qPCR) assays were tested and compared for analytical sensitivity to Canine Distemper Virus RNA detection: a One-Step RT-qPCR (system A) and a One-Step RT-qPCR combined with NESTED-qPCR (system B). Limits of detection for both systems were determined using a serial dilution of Canine Distemper Virus synthetic RNA or a positive urine sample. In addition, the same urine sample was tested using samples with prior centrifugation or ultracentrifugation. Commercial kits of One-Step RT-qPCR assays detected canine distemper virus RNA in 10 (100%) urine samples from symptomatic animals tested. The One-Step RT-qPCR kit that showed better results was used to evaluate the analytical sensitivity of the A and B systems. Limit of detection using synthetic RNA for the system A was 11 RNA copies µL-1 and 110<br/>RNA copies µl-1 for first round System B. The second round of the NESTED-qPCR for System B had a limit of detection of 11 copies µl-1. Relationship between Ct values and RNA concentration was linear. The RNA extracted from the urine dilutions was detected in dilutions of 10-3 and10-2 by System A and B respectively. Urine centrifugation increased the analytical sensitivity of the test and proved to be useful for routine diagnostics. The One-Step RTqPCR is a fast, sensitive and specific method for canine distemper routine diagnosis and research projects that require sensitive and quantitative methodology. <br/><br/>Key words: canine distemper, molecular diagnosis, One-Step RTqPCR, urine, centrifugation.
520 ## - NOTA DE RESUMO
Nota de conteúdo <br/><br/>RESUMO - Três kits comerciais de One-Step RT-qPCR foram avaliados para o diagnóstico molecular do Vírus da Cinomose Canina.Utilizando o kit que apresentou melhor desempenho, dois sistemas de RT-PCR em tempo real (RT-qPCR) foram comparados quanto à sensibilidade analítica na detecção do RNA do Vírus da Cinomose Canina:One-Step RT-qPCR (Sistema A) e One-Step RT-qPCR seguido da NESTED-qPCR (Sistema B).Os limites de detecção dos dois sistemas foram determinados utilizando diluição seriada de RNA sintético do Vírus da Cinomose Canina ou de uma amostra de urina positiva. Adicionalmente, uma amostra de urina foi avaliada com centrifugação ou ultracentrifugação prévia. Os kits comerciais de One-Step RT-qPCR amplificaram o RNA do vírus da cinomose canina em 10 (100%) amostras de urinas de animais sintomáticos. O kit de One-Step RT-qPCR que apresentou melhor resultado foi utilizado para avaliar a sensibilidade analítica dos sistemas A e B. Na reação da curva padrão com RNA sintético, o limite de detecção do sistema A foi de 11 cópias de RNA µL-1. No sistema B foi de 110 cópias de RNA µL-1 na One-Step RT-qPCR e 11 cópias de RNA µL-1 na NESTED-qPCR. A relação entre os valores de Ct e concentração de RNA foi linear. O RNA extraído das diluições da urina foi detectado nas diluições de 10-3 e10-2 pelos sistemas A e B, respectivamente. A centrifugação prévia da urina aumentou a sensibilidade analítica da análise e mostrou ser importante para a rotina diagnóstica. A reação de One-Step RTPCR é um método rápido, sensível, específico e aplicável na rotina de diagnóstico molecular da cinomose e em projeto de pesquisa que requer metodologia quantitativa e sensível.<br/><br/>Palavras-chave: cinomose canina, diagnóstico molecular, OneStep RT-qPCR, urina, centrifugação.
650 ## - ASSUNTO - THESAGRO
Cabeçalho tópico ou nome geográfico CÃO
650 ## - ASSUNTO - THESAGRO
Cabeçalho tópico ou nome geográfico DOENÇA ANIMAL
650 ## - ASSUNTO - THESAGRO
Cabeçalho tópico ou nome geográfico CINOMOSE
650 ## - ASSUNTO - THESAGRO
Cabeçalho tópico ou nome geográfico VÍRUS
650 ## - ASSUNTO - THESAGRO
Cabeçalho tópico ou nome geográfico VETERINÁRIA
650 ## - ASSUNTO - THESAGRO
Cabeçalho tópico ou nome geográfico URINA
650 ## - ASSUNTO - THESAGRO
Cabeçalho tópico ou nome geográfico DIAGNÓSTICO
773 0# - ENTRADA ANALÍTICA
Host Biblionumber 2408
Registro do item 314931
Imprenta Santa Maria-RS Universidade Federal de Santa Maria - Centro de Ciências Rurais 1991
Outro identificador 2024-1182
Título Ciência Rural (Brazil)
ISSN 0103-8478
Colação v. 46(9) p. 1601-1606; (2016)
Número de controle de registro BR2024001764
856 ## - ACESSO E ENDEREÇO ELETRÔNICO
Identificador uniforme de recurso - URI https://www.scielo.br/j/cr/a/jVL4RhTjRLZtRnWpBmDJzSG/?format=pdf&lang=en

Nenhum exemplar disponível.

BINAGRI

Telefone: (61)3218-2567/2388/3357/2097 - binagri@agro.gov.br

Ministério da Agricultura e Pecuária , Esplanada dos Ministérios, Bloco D, Anexo B, Brasília/DF, CEP: 70.043-900